| 000 | 00708nam a22002177a 4500 | ||
|---|---|---|---|
| 005 | 20251108172708.0 | ||
| 008 | 250721s1995 xx 000 0 ara d | ||
| 082 | 1 | 4 | _aم/232.3/ذهب |
| 100 | 1 |
_aالذهبي، شمس الدين أبو عبد الله محمد _eمؤلف |
|
| 245 | 1 | 0 | _aميزان الإعتدال في نقد الرجال / |
| 264 | 1 |
_aبيروت : _bدار الكتب العلمية، _c1995. |
|
| 300 | _aج | ||
| 650 | 1 | 7 | _aعلوم الحديث |
| 650 | 1 | 7 | _aالحديث الشريف |
| 650 | 1 | 7 | _aالتراجم |
| 650 | 1 | 7 | _aرواة الحديث |
| 653 | _aالجرح والتعديل | ||
| 700 | 1 |
_aمعوض، علي _eمحقق |
|
| 942 |
_2ddc _cREF |
||
| 999 |
_c86150 _d86150 |
||